| 000 | 01226nas a2200397 4500 | ||
|---|---|---|---|
| 001 | BR2019001969 | ||
| 003 | BR-BrBNA | ||
| 005 | 20231205132013.0 | ||
| 007 | ta | ||
| 008 | 230509b bl.|||p| |||| 00| 00por d | ||
| 040 |
_aBR-BrBNA _bpor _cBiblioteca Nacional de Agricultura |
||
| 041 | _a(En) | ||
| 072 | _aL70 | ||
| 100 | 1 | _aGuizzo-Júnior, N. | |
| 100 | 1 | _aFeranti, J.P.S. | |
| 100 | 1 | _aBairros, M.C. | |
| 100 | 1 | _aBortoluzzi, M. | |
| 100 | 1 | _aMotta, A.C. | |
| 100 | 1 | _aSartori, L.W. | |
| 100 | 1 | _aSantos, F.R. | |
| 100 | 1 | _aTomazzoni, F.V. | |
| 100 | 1 | _aBranbatti, G. | |
| 100 | 1 | _aGuedes, R.L. | |
| 100 | 1 | _aSilva, M.A.M. | |
| 100 | 1 | _aBrun, M.V. | |
| 245 | 1 | _aUltrasonic shears and bipolar vessel-sealing system for three-port laparoscopic ovariohysterectomy in dogs | |
| 650 | _aCÃO | ||
| 650 | _aLAPAROSCOPIA | ||
| 650 | _aCASTRAÇÃO | ||
| 650 | _aCIRURGIA | ||
| 650 | _aVETERINÁRIA | ||
| 773 | 0 |
_tArquivo Brasileiro de Medicina Veterinária e Zootecnia (Brazil) _xISSN 1678-4162 _g(Feb 2015), v. 67(1) p. 55-61 _wBR2019001969 |
|
| 856 | 4 | 0 | _uhttp://www.scielo.br/pdf/abmvz/v67n1/0102-0935-abmvz-67-01-00055.pdf |
| 909 |
_a202311 _bLúcia _c55 _dLúcia Elande |
||
| 942 |
_2AGRIS _n0 _cANA |
||
| 999 |
_c257921 _d257921 |
||